000 00576nam a22001937a 4500
005 20240613085854.0
008 240613b |||||||| |||| 00| 0 eng d
020 _a9789382680161
040 _aIN-DiNC
_cIN-DiNC
041 _dasm
082 _a782.25
_bBOR
245 _aBorgeetar swaralipi/
_ced. by Keshavananda Dev Goswami
250 _a1st ed.
260 _aGuwahati:
_bAnundoram Barooah Institute of Language, Art and Culture (ABILAC),
_c2015.
300 _a209p.
650 _aNotations of Borgeet
700 _aGoswami, Keshavananda Dev
_eEditor
942 _2ddc
_cBK
999 _c11858
_d11858